000
00299nam a2200145 4500
003
OSt
008
250127b |||||||| |||| 00| 0 eng d
100
_a
MALIK, Sakshi
245
_a
Witness
250
_a
1st Ed.
260
_b
Juggernaut
_c
2024
300
_a
300
650
_a
IT
942
_2
ddc
_c
BK
999
_c
13022
_d
13022